00828nam a2200277Ia 450000500170000000800410001702000180005808200140007610000370009024500620012725000180018930000250020749000160023265000300024865000210027865000230029965000290032270000240035194200120037526400250038733600270041233700330043933800280047204000350050099900150053520220317001516.0161108s2012 s g 000 0 s  a978843060103504a188bM17m1 aMarco Aurelio, Emperador de Roma10aMeditacionescMarco Aurelio ; traducción de Miquel Dolc a1a. edición a172 páginasc18 cm aGreat Ideas142LEMBaFilosofía antigua142LEMBaEstoicismo142LEMBaMeditaciones142LEMBaFilosofía Romana1 aDolc, Miguel974678 2ddccBK aMadridbTaurusc2012 atextobtxt2rdacontent asin mediaciónbn2rdamedia avolumenbnc2rdacarrier aCO-BoRNBPbspaerdacCO-BoRNBP c7197d7197